|
|
|
|
| LEADER |
01832nam a2200433 i 4500 |
| 001 |
EBC2044697 |
| 003 |
MiAaPQ |
| 005 |
20200520144314.0 |
| 006 |
m o d | |
| 007 |
cr cnu|||||||| |
| 008 |
150611t20152015enk o 001 0 eng d |
| 020 |
|
|
|z 9781119106203
|
| 020 |
|
|
|a 9781119106197
|q (electronic bk.)
|
| 020 |
|
|
|a 9781119106210
|q (electronic bk.)
|
| 035 |
|
|
|a (MiAaPQ)EBC2044697
|
| 035 |
|
|
|a (Au-PeEL)EBL2044697
|
| 035 |
|
|
|a (CaPaEBR)ebr11059009
|
| 035 |
|
|
|a (CaONFJC)MIL791510
|
| 035 |
|
|
|a (OCoLC)905970342
|
| 040 |
|
|
|a MiAaPQ
|b eng
|e rda
|e pn
|c MiAaPQ
|d MiAaPQ
|
| 050 |
|
4 |
|a HD69.C6
|b .P375 2015
|
| 082 |
0 |
|
|a 001
|2 23
|
| 100 |
1 |
|
|a Parikh, Samir,
|d 1970-
|e author.
|
| 245 |
1 |
4 |
|a The consultant's handbook :
|b a practical guide to delivering high-value and differentiated services in a competitive marketplace /
|c Samir Parikh.
|
| 264 |
|
1 |
|a Chichester, England :
|b Wiley,
|c 2015.
|
| 264 |
|
4 |
|c 2015
|
| 300 |
|
|
|a 1 online resource (265 pages)
|
| 336 |
|
|
|a text
|2 rdacontent
|
| 337 |
|
|
|a computer
|2 rdamedia
|
| 338 |
|
|
|a online resource
|2 rdacarrier
|
| 500 |
|
|
|a Includes index.
|
| 588 |
|
|
|a Description based on print version record.
|
| 590 |
|
|
|a Electronic reproduction. Ann Arbor, MI : ProQuest, 2016. Available via World Wide Web. Access may be limited to ProQuest affiliated libraries.
|
| 650 |
|
0 |
|a Business consultants.
|
| 650 |
|
0 |
|a Consulting firms
|x Management.
|
| 655 |
|
4 |
|a Electronic books.
|
| 776 |
0 |
8 |
|i Print version:
|a Parikh, Samir, 1970-
|t Consultant's handbook : a practical guide to delivering high-value and differentiated services in a competitive marketplace.
|d Chichester, England : Wiley, c2015
|h vii, 220 pages
|z 9781119106203
|w 2015009041
|
| 797 |
2 |
|
|a ProQuest (Firm)
|
| 856 |
4 |
0 |
|u https://ebookcentral.proquest.com/lib/matrademy/detail.action?docID=2044697
|z Click to View
|